| 000 | 00693nam a2200253 a 4500 | ||
|---|---|---|---|
| 008 | |||
| 020 | _a0918469511 (pbk.) | ||
| 049 | _aMAIN | ||
| 090 | _aH61.3SPS | ||
| 245 | 0 | 0 |
_aSPSS X user's guide / _cSPSS Inc. |
| 250 | _a3rd ed. | ||
| 260 |
_aChicago : _bSPSS, _cc1988. |
||
| 300 |
_a1072 p. : _bill. ; _c28 cm. |
||
| 504 | _aIncludes bibliographical references. | ||
| 500 | _aIncludes index. | ||
| 650 | 0 | _aSPSS X (Computer system) | |
| 650 | 0 |
_aSocial Sciences _xData processing. |
|
| 710 | 2 | _aSPSS Inc. | |
| 907 |
_a.b10154024 _b15-01-07 _c24-02-05 |
||
| 003 | |||
| 005 | 20230123133930.0 | ||
| 040 | _cNUST | ||
| 942 |
_cBOOKS _kH61.3SPS |
||
| 999 |
_c157119 _d157119 |
||